Onkológia potrebuje prístroje

Bibliographic Details
Main Author: (kum) (Author)
Format: Article
Language:Slovak
PhysicalDescription:1 foto
Subjects:

MARC

LEADER 00000nab a2200000 a 4500
001 vtls001008818
003 SK-MaSNL
005 20260303040159.0
008 040720e20000408xo 0 slo
035 |a RV9418 
040 |a RVGKPD  |b slo  |c RVGKPD  |e AACR2 
041 0 |a slo 
044 |a xo  |c SK 
080 |a 061.235  |2 1981 
080 |a 616  |2 1981 
100 0 |a (kum)  |4 aut  |9 1023905 
245 1 0 |a Onkológia potrebuje prístroje 
300 |b 1 foto 
611 1 7 |a Deň narcisov  |2 RVGKPD  |9 877703 
650 0 7 |a zbierky humanitné  |2 RVGKPD  |9 880846 
651 7 |a Rožňava (Slovensko)  |2 RVGKPD  |9 17394 
651 7 |a Rimavská Sobota (Slovensko)  |2 RVGKPD  |9 28655 
651 7 |a Revúca (Slovensko)  |2 RVGKPD  |9 31503 
655 7 |a periodikum  |2 snkbucl  |9 29553 
773 0 8 |t Gemerský denník  |g Roč. 2, č.83, 8.4.2000, s. 8 
852 |a ZVYKNI  |b KIS3GCP 
999 |c 1680713  |d 1682643